50 Special - Lùnapop - Testo completo - Statistics

Statistiche generali
  • Questo quiz è stato fatto 467 volte
    390 dall'ultimo reset
  • Il punteggio medio è 213 su 239
Statistiche sulle risposte
Testo % Corretto
a
100%
i
99%
andare
98%
e
98%
è
98%
in
98%
ma
98%
special
98%
vespa
98%
bello
97%
con
97%
giro
97%
problemi
97%
un
97%
che
96%
le
96%
ti
96%
una
96%
quanto
95%
sotto
95%
toglie
95%
ali
94%
la
94%
non
94%
piedi
94%
ho
93%
città
92%
citta
92%
colli
92%
per
92%
porterà
92%
bolognesi
91%
fuori
91%
mi
91%
va
91%
donna
90%
già
89%
anni
88%
domenica
88%
60'
87%
90
87%
ai
87%
scuola
87%
centro
85%
vacanza
85%
se
84%
girano
83%
dammi
82%
di
82%
porto
82%
sfiorando
82%
truccate
82%
Vespe
82%
avanza
78%
hai
76%
fuoco
75%
l'estate
75%
danza
74%
comincia
73%
mia
70%
festa
67%
sulla
66%
fare
65%
rosse
65%
prima
64%
dalla
59%
targa
59%
alla
57%
devo
56%
fretta
56%
quarta
56%
fammi
54%
dietro
53%
attaccata
51%
stanza
50%
esco
49%
ingranate
48%
marce
48%
frecce
45%
Nessun quiz corrispondente trovato
Distribuzione punteggi
Percentuale di utenti per punteggio
Percentile per numero di risposta
I tuoi punteggi nel tempo
Non hai fatto questo quiz dall'ultimo reset